| 000 | 00700cam a22001934a 4500 | ||
|---|---|---|---|
| 005 | 20250605164345.0 | ||
| 008 | 250528s ||||||||||||||||||||||||d | ||
| 035 | _a23846 | ||
| 040 |
_aGR-AtMCL _bgre _dGR-AtMCL _eAACR2 |
||
| 245 | 1 | _aThe State of World Population | |
| 260 | _c1998 | ||
| 300 | _a76 | ||
| 520 | _aThe New Generations, Transformation and Momentum, Young People: Preparing for Life, Intergenerational Relations, Adding Years to Life and Life to Later Years, Maximizing the Gain: Resources for the New Generations, Notes, Boxes. | ||
| 700 | 1 |
_aPrographics _99350 |
|
| 942 | _cCR | ||
| 710 | 2 |
_aUnited Nations Population Fund _99820 |
|
| 999 |
_c8772 _d8772 |
||